000 00573nam a2200205 a 4500
001 000024783
003 000024783
005 20201029112642.0
008 110204s2008 dr ac 000 0 spa d
020 _a9789945854060
040 _aBPMET
_bspa
_cBPMET
049 _aBNPD
100 1 _aOctavio Rosario, Oscar
245 1 0 _aCrónicas dominicanas /
_cOscar Octavio Rosario.
260 _aSanto Domingo :
_bEditora la Campana,
_c2008.
300 _a76 P. :
_c22 cm.
942 _2ddc
_cBK
945 _ainventariado, 2018 / dg
956 _aVAMTEO
_b10
_c20150914
_lBPMSU
_h0069
999 _c7145
_d7145